| Поле | Название | Значение |
| |
Тип записи |
a |
| |
Библиографический уровень |
m |
| 001 |
Контрольный номер |
SKBR/cee0350f-7670-4631-b2be-2cc63f6e0ce1 |
| 005 |
Дата корректировки |
20260430125008.4 |
| 010 |
Индекс ISBN |
__ |
| a |
ISBN |
978-5-6053217-6-7 |
| 9 |
Тираж |
1500 |
| 035 |
Другие системные номера |
__ |
| a |
Идентификатор записи |
RU\NLR\BIBL_A\022576810 |
| 100 |
Данные общей обработки |
__ |
| a |
Данные общей обработки |
20250701d2025 e y0rusa50 ca |
| 101 |
Язык документа |
0_ |
| a |
Язык текста |
rus |
| 102 |
Страна публикации |
__ |
| a |
Страна публикации |
RU |
| 105 |
Кодированные данные (монография) |
__ |
| a |
Кодированные данные (монография) |
a z 000ay |
| 181 |
Поле кодированных данных: вид содержания |
_0 |
| a |
Код вида содержания (ISBD) |
i3 |
| b |
Код характеристики содержания (ISBD) |
axxe |
| 181 |
Поле кодированных данных: вид содержания |
_0 |
| a |
Код вида содержания (ISBD) |
b2 |
| b |
Код характеристики содержания (ISBD) |
xb2e |
| 182 |
Поле кодированных данных: тип средства |
_0 |
| a |
Код типа средства (ISBD) |
n |
| 200 |
Заглавие и сведения об ответственности |
1_ |
| a |
Заглавие |
Колыбельная для маленьких солдат |
| e |
Сведения, относящиеся к заглавию |
(Ма аварех) |
| e |
Сведения, относящиеся к заглавию |
[для среднего и старшего школьного возраста] |
| f |
Первые сведения об ответственности |
Ина Голдин |
| g |
Последующие сведения об ответственности |
художник: Екатерина Глейзер |
| 203 |
Вид содержания и тип средства |
__ |
| a |
Вид содержания |
Текст |
| a |
Вид содержания |
Изображение |
| b |
Характеристика содержания |
визуальные |
| c |
Тип средства |
непосредственные |
| 210 |
Выходные данные |
1_ |
| a |
Место издания |
Москва |
| c |
Издательство |
Абрикос, Абрикобукс |
| d |
Дата издания |
2025 |
| 215 |
Физическое описание |
__ |
| a |
Объем |
245, [2] с. |
| c |
Иллюстрации/тип воспроизводства |
ил. |
| d |
Формат |
24 |
| 333 |
Примечание о целевом назначении |
__ |
| a |
Примечание о целевом назначении |
16+ |
| 686 |
Индексы других классификаций |
__ |
| a |
Классификационный индекс |
Ш9(2)62=Р7-4 |
| v |
Номер издания |
LBC/SL |
| 2 |
Код системы |
rubbk |
| 700 |
Автор |
_1 |
| a |
Фамилия |
Голдин |
| b |
Имя |
И. |
| f |
Даты |
1980- |
| g |
Полное личное имя |
Ина |
| 702 |
Вторичная интеллектуальная ответственность |
_1 |
| a |
Фамилия |
Глейзер |
| b |
Имя |
Е. |
| g |
Полное личное имя |
Екатерина |
| 4 |
Код отношения |
440 |
| 801 |
Источник записи |
_0 |
| a |
Страна |
RU |
| b |
Организация |
NLR |
| c |
Дата составления |
20250701 |
| g |
Правила каталогизации |
RCR |
| 801 |
Источник записи |
_1 |
| a |
Страна |
RU |
| b |
Организация |
NLR |
| c |
Дата составления |
20250701 |
| 801 |
Источник записи |
_2 |
| a |
Страна |
RU |
| b |
Организация |
NLR |
| c |
Дата составления |
20250902 |
| 2 |
Код формата |
rusmarc |
| 901 |
Тип документа |
__ |
| a |
Ответственный |
заим. |